| 000 | 00639nam a2200205Ia 4500 | ||
|---|---|---|---|
| 003 | GCL | ||
| 008 | 140319s9999 xx 000 0 ara d | ||
| 020 | _a0639345977 | ||
| 040 |
_aGCL / _cGCL |
||
| 082 | 0 | 4 |
_a371.27 _bك م |
| 100 | 1 | _aكوك ، جاكى | |
| 245 | 1 | 0 |
_aالمهارات الحسية المبكرة / _cكوك ، جاكى |
| 250 | _aالاولى | ||
| 260 |
_aالقاهرة : _bدار الفاروق للنشر والتوزيع ، _c2004 |
||
| 300 |
_a152 ص ؛ _c24 سم |
||
| 650 | 0 | 4 | _aالجوانب الفسيولوجية |
| 650 | 0 | 4 | _aالحواس |
| 650 | 0 | 4 | _aالمهارات الحسية |
| 942 |
_2ddc _cBK |
||
| 999 |
_c7225 _d7225 |
||